<?xml version="1.0" encoding="UTF-8"?>
<record
    xmlns:xsi="http://www.w3.org/2001/XMLSchema-instance"
    xsi:schemaLocation="http://www.loc.gov/MARC21/slim http://www.loc.gov/standards/marcxml/schema/MARC21slim.xsd"
    xmlns="http://www.loc.gov/MARC21/slim">

  <leader>01685    a2200277   4500</leader>
  <controlfield tag="003">NALT</controlfield>
  <controlfield tag="005">20240422124816.0</controlfield>
  <controlfield tag="008">231025b        th ||||| |||| 00| 0 tha d</controlfield>
  <datafield tag="020" ind1=" " ind2=" ">
    <subfield code="a">9786165943628</subfield>
  </datafield>
  <datafield tag="040" ind1=" " ind2=" ">
    <subfield code="a">NALT</subfield>
  </datafield>
  <datafield tag="090" ind1=" " ind2=" ">
    <subfield code="a">KT 63</subfield>
    <subfield code="b">&#xE1E;993&#xE01; 2565</subfield>
  </datafield>
  <datafield tag="100" ind1="0" ind2=" ">
    <subfield code="a">&#xE44;&#xE1E;&#xE42;&#xE23;&#xE08;&#xE19;&#xE4C; &#xE27;&#xE32;&#xE22;&#xE38;&#xE20;&#xE32;&#xE1E;</subfield>
    <subfield code="9">8954</subfield>
  </datafield>
  <datafield tag="245" ind1="1" ind2="0">
    <subfield code="a">&#xE04;&#xE33;&#xE2D;&#xE18;&#xE34;&#xE1A;&#xE32;&#xE22;&#xE01;&#xE0E;&#xE2B;&#xE21;&#xE32;&#xE22;&#xE27;&#xE34;&#xE18;&#xE35;&#xE1E;&#xE34;&#xE08;&#xE32;&#xE23;&#xE13;&#xE32;&#xE04;&#xE27;&#xE32;&#xE21;&#xE41;&#xE1E;&#xE48;&#xE07; &#xE20;&#xE32;&#xE04; 2 &#xE25;&#xE31;&#xE01;&#xE29;&#xE13;&#xE30; 1 &#xE27;&#xE34;&#xE18;&#xE35;&#xE1E;&#xE34;&#xE08;&#xE32;&#xE23;&#xE13;&#xE32;&#xE2A;&#xE32;&#xE21;&#xE31;&#xE0D;&#xE43;&#xE19;&#xE28;&#xE32;&#xE25;&#xE0A;&#xE31;&#xE49;&#xE19;&#xE15;&#xE49;&#xE19; /</subfield>
    <subfield code="c">&#xE44;&#xE1E;&#xE42;&#xE23;&#xE08;&#xE19;&#xE4C; &#xE27;&#xE32;&#xE22;&#xE38;&#xE20;&#xE32;&#xE1E;.</subfield>
  </datafield>
  <datafield tag="250" ind1=" " ind2=" ">
    <subfield code="a">&#xE1E;&#xE34;&#xE21;&#xE1E;&#xE4C;&#xE04;&#xE23;&#xE31;&#xE49;&#xE07;&#xE17;&#xE35;&#xE48; 9.</subfield>
  </datafield>
  <datafield tag="260" ind1=" " ind2=" ">
    <subfield code="a">&#xE01;&#xE23;&#xE38;&#xE07;&#xE40;&#xE17;&#xE1E;&#xE2F; :</subfield>
    <subfield code="b">&#xE1B;&#xE13;&#xE23;&#xE31;&#xE0A;&#xE0A; &#xE1A;&#xE38;&#xE4A;&#xE04;&#xE0A;&#xE47;&#xE2D;&#xE1B;,</subfield>
    <subfield code="c">2565.</subfield>
  </datafield>
  <datafield tag="300" ind1=" " ind2=" ">
    <subfield code="a">300 &#xE2B;&#xE19;&#xE49;&#xE32; ;</subfield>
    <subfield code="c">26 &#xE0B;&#xE21;.</subfield>
  </datafield>
  <datafield tag="505" ind1="2" ind2=" ">
    <subfield code="a">&#xE04;&#xE33;&#xE1F;&#xE49;&#xE2D;&#xE07; -- &#xE04;&#xE33;&#xE43;&#xE2B;&#xE49;&#xE01;&#xE32;&#xE23; -- &#xE1F;&#xE49;&#xE2D;&#xE07;&#xE41;&#xE22;&#xE49;&#xE07; -- &#xE1F;&#xE49;&#xE2D;&#xE07;&#xE0B;&#xE49;&#xE2D;&#xE19; -- &#xE17;&#xE34;&#xE49;&#xE07;&#xE1F;&#xE49;&#xE2D;&#xE07; -- &#xE16;&#xE2D;&#xE19;&#xE04;&#xE33;&#xE1F;&#xE49;&#xE2D;&#xE07; -- &#xE01;&#xE32;&#xE23;&#xE41;&#xE01;&#xE49;&#xE44;&#xE02;&#xE04;&#xE33;&#xE1F;&#xE49;&#xE2D;&#xE07;&#xE41;&#xE25;&#xE30;&#xE04;&#xE33;&#xE43;&#xE2B;&#xE49;&#xE01;&#xE32;&#xE23; -- &#xE01;&#xE32;&#xE23;&#xE0A;&#xE35;&#xE49;&#xE2A;&#xE2D;&#xE07;&#xE2A;&#xE16;&#xE32;&#xE19; -- &#xE01;&#xE32;&#xE23;&#xE1E;&#xE34;&#xE08;&#xE32;&#xE23;&#xE13;&#xE32;&#xE04;&#xE14;&#xE35; -- &#xE01;&#xE32;&#xE23;&#xE1E;&#xE34;&#xE1E;&#xE32;&#xE01;&#xE29;&#xE32;&#xE04;&#xE14;&#xE35; -- &#xE04;&#xE14;&#xE35;&#xE44;&#xE21;&#xE48;&#xE21;&#xE35;&#xE02;&#xE49;&#xE2D;&#xE1E;&#xE34;&#xE1E;&#xE32;&#xE17;.</subfield>
  </datafield>
  <datafield tag="650" ind1=" " ind2="4">
    <subfield code="9">62001</subfield>
    <subfield code="a">&#xE04;&#xE33;&#xE43;&#xE2B;&#xE49;&#xE01;&#xE32;&#xE23;</subfield>
  </datafield>
  <datafield tag="650" ind1=" " ind2="4">
    <subfield code="9">756</subfield>
    <subfield code="a">&#xE27;&#xE34;&#xE18;&#xE35;&#xE1E;&#xE34;&#xE08;&#xE32;&#xE23;&#xE13;&#xE32;&#xE04;&#xE27;&#xE32;&#xE21;&#xE41;&#xE1E;&#xE48;&#xE07;</subfield>
  </datafield>
  <datafield tag="650" ind1=" " ind2="4">
    <subfield code="9">38942</subfield>
    <subfield code="a">&#xE04;&#xE33;&#xE43;&#xE2B;&#xE49;&#xE01;&#xE32;&#xE23; (&#xE04;&#xE14;&#xE35;&#xE41;&#xE1E;&#xE48;&#xE07;)</subfield>
  </datafield>
  <datafield tag="650" ind1=" " ind2="4">
    <subfield code="9">10295</subfield>
    <subfield code="a">&#xE04;&#xE33;&#xE1F;&#xE49;&#xE2D;&#xE07; (&#xE04;&#xE14;&#xE35;&#xE41;&#xE1E;&#xE48;&#xE07;)</subfield>
  </datafield>
  <datafield tag="850" ind1=" " ind2=" ">
    <subfield code="a">NALT</subfield>
  </datafield>
  <datafield tag="942" ind1=" " ind2=" ">
    <subfield code="2">local</subfield>
    <subfield code="c">LB</subfield>
  </datafield>
  <datafield tag="996" ind1=" " ind2=" ">
    <subfield code="a">saiphon.d</subfield>
    <subfield code="b">CATSTF	</subfield>
    <subfield code="c">2023-10-25</subfield>
  </datafield>
  <datafield tag="999" ind1=" " ind2=" ">
    <subfield code="c">103492</subfield>
    <subfield code="d">103492</subfield>
  </datafield>
  <datafield tag="998" ind1=" " ind2=" ">
    <subfield code="j">104</subfield>
    <subfield code="k"> &#xE2A;&#xE32;&#xE22;&#xE1D;&#xE19;  &#xE14;&#xE35;&#xE07;&#xE32;&#xE21;</subfield>
  </datafield>
  <datafield tag="952" ind1=" " ind2=" ">
    <subfield code="0">0</subfield>
    <subfield code="1">0</subfield>
    <subfield code="2">local</subfield>
    <subfield code="4">0</subfield>
    <subfield code="7">0</subfield>
    <subfield code="8">CLAW</subfield>
    <subfield code="a">NALT</subfield>
    <subfield code="b">NALT</subfield>
    <subfield code="c">LAW</subfield>
    <subfield code="d">2023-10-04</subfield>
    <subfield code="e">192</subfield>
    <subfield code="o">KT 63 &#xE1E;993&#xE01; 2565</subfield>
    <subfield code="p">3961223637</subfield>
    <subfield code="r">2023-11-07 00:00:00</subfield>
    <subfield code="w">2023-10-04</subfield>
    <subfield code="y">LB</subfield>
  </datafield>
</record>
